00515nam a22001457a 450000500170000002000180001708200190003510000410005424500440009526000550013930000110019494200120020599900190021795201330023620260226155803.0 a9788119523740 a630.2516 AGA.S aAgarwal, Yogesh kumar et. al.911116 aSmart agriculture in changing climate / aNew Delhi :bDiscovery publishing house ,cc2024.  a214 p. 2ddccBK c757161d757161 00102ddc4070aBOTbBOTcGENd2026-02-26eSouthern book starl0o630.2516 AGA.SpBOT10957r2026-02-26 10:43:13w2026-02-26yBK